The Baby-sitters Club Members - Statistics

General Stats
  • This quiz has been taken 355 times
  • The average score is 7 of 10
Answer Stats
Hint Answer % Correct
President Kristy Thomas
95%
Tresurer Stacey McGill
93%
Vice President Claudia Kishi
90%
Secretary Mary Anne Spier
87%
Alternate Officer / Treasurer / Honorary Member Dawn Schafer
81%
Junior Officer / Honorary Member Mallory Pike
76%
Junior Officer Jessica Ramsey
75%
Associate Member Logan Bruno
49%
Associate Member / Alternate Officer Shannon Kilbourne
36%
Alternate Officer Abby Stevenson
30%
No matching quizzes found
Score Distribution
Percent of People with Each Score
Percentile by Number Answered
Your Score History
You have not taken this quiz